| 000 | 00550nam a22002057a 4500 | ||
|---|---|---|---|
| 003 | OSt | ||
| 005 | 20140310182926.0 | ||
| 008 | 130130t xxu||||| |||| 00| 0 eng d | ||
| 020 | _a9715501755 | ||
| 050 |
_aPL 6165.4 _b.L257 1995 |
||
| 082 |
_aFIL 899.2113 _bL257a 1995 |
||
| 245 |
_aAnak ng lupa _cLandicho, Domingo G. |
||
| 260 |
_aQuezon City _bAteneo de Manila, University Press _cc1995 |
||
| 300 |
_a324 p. _c18 cm. |
||
| 521 | _acollege students | ||
| 526 | _c1210L-1700L | ||
| 541 | _j1 | ||
| 562 | _e1 | ||
| 942 |
_2lcc _cBK _kFIL |
||
| 999 |
_c17431 _d17431 |
||